[Event "2. Bundesliga Ost 2012/2013"]
[Site "6.+7.10., 17.+18.11., 1.12., 2.+3.2., 9.+10.3., 6.
[Date "2012.10.07"]
[Round "2"]
[Board "5"]
[White "Buchnicek, Petr"]
[Black "Prager, Michael"]
[Result "1-0"]
[WhiteElo "2352"]
[BlackElo "1996"]
[PlyCount "33"]
[EventDate "2012.10.06"]
[EventType "team"]
[EventRounds "11"]
[EventCountry "AUT"]
[WhiteTeam "Zwettl 2"]
[BlackTeam "SK Hietzing"]

1. d4 Nf6 2. Bg5 Ne4 3. h4 c5 4. d5 Qb6 5. Nd2 Nxg5 6. hxg5 Qxb2 7. e4 g6 8.
Bc4 d6 9. Rb1 Qc3 10. Rb3 Qa5 11. Qa1 Rg8 12. Rxh7 a6 13. Qb2 Qc7 14. a4 Qd7
15. Ngf3 Qg4 16. Rxb7 Bg7 17. Qxg7 1-0

[Event "2. Bundesliga Ost 2012/2013"]
[Site "6.+7.10., 17.+18.11., 1.12., 2.+3.2., 9.+10.3., 6.
[Date "2012.10.07"]
[Round "2"]
[Board "6"]
[White "Allram, Sebastian"]
[Black "Stadler, Peter"]
[Result "1/2-1/2"]
[WhiteElo "1972"]
[BlackElo "2129"]
[PlyCount "117"]
[EventDate "2012.10.06"]
[EventType "team"]
[EventRounds "11"]
[EventCountry "AUT"]
[WhiteTeam "SK Hietzing"]
[BlackTeam "Zwettl 2"]

1. g3 Nf6 2. Bg2 d5 3. c4 g6 4. Nf3 Bg7 5. cxd5 O-O 6. d3 Nxd5 7. h4 Nf6 8.
Nbd2 Nc6 9. Rb1 Re8 10. b4 a6 11. a3 e5 12. Ng5 Nd4 13. Nde4 Nd5 14. e3 Ne6 15.
h5 Nxg5 16. Nxg5 Qxg5 17. Bxd5 c6 18. hxg6 hxg6 19. Bc4 Be6 20. e4 Qf6 21. Bh6
Bxh6 22. Rxh6 Qg5 23. Qd2 Qxd2+ 24. Kxd2 Kg7 25. Rbh1 Rad8 26. Bxe6 Rxe6 27. g4
Kf6 28. R1h3 Red6 29. Rf3+ Kg5 30. Rh7 f6 31. Rxb7 Kxg4 32. Rg3+ Kf4 33. Rh7 g5
34. Ke2 Rg8 35. Rf3+ Kg4 36. Rhh3 Rgd8 37. Rfg3+ Kf4 38. Rg1 g4 39. Rh5 Rxd3
40. Rf5+ Kxe4 41. Rxf6 Rxa3 42. Rxc6 Ra2+ 43. Kf1 Rd1+ 44. Kg2 Rxg1+ 45. Kxg1
g3 46. fxg3 Kf3 47. Rc3+ Kg4 48. Re3 Kf5 49. Kf1 e4 50. Re2 Ra3 51. Kf2 Rb3 52.
Ra2 Rf3+ 53. Ke2 Rxg3 54. Rxa6 Rb3 55. Rb6 Kf4 56. Rf6+ Ke5 57. Rb6 Kd4 58.
Rd6+ Kc4 59. Re6 1/2-1/2

[Event "2. Bundesliga Ost 2012/2013"]
[Site "6.+7.10., 17.+18.11., 1.12., 2.+3.2., 9.+10.3., 6.
[Date "2012.10.07"]
[Round "2"]
[Board "1"]
[White "Loeffler, Stefan"]
[Black "Kummer, Helmut"]
[Result "0-1"]
[WhiteElo "2410"]
[BlackElo "2353"]
[PlyCount "132"]
[EventDate "2012.10.06"]
[EventType "team"]
[EventRounds "11"]
[EventCountry "AUT"]
[WhiteTeam "ASVOe VHS Poechlarn"]
[BlackTeam "Purbach"]

1. d4 Nf6 2. c4 e6 3. Nf3 c5 4. d5 exd5 5. cxd5 d6 6. Nc3 g6 7. Nd2 Bg7 8. e4
O-O 9. Be2 Na6 10. O-O Nc7 11. Rb1 Re8 12. Qc2 b6 13. b4 cxb4 14. Rxb4 Na6 15.
Rc4 Nc5 16. Re1 Bd7 17. a4 Rc8 18. Bb2 a6 19. Qb1 Qe7 20. Ba1 b5 21. axb5 axb5
22. Rb4 Ra8 23. Nxb5 Rxa1 24. Qxa1 Nxd5 25. Qb1 Nxb4 26. Qxb4 Rb8 27. Qa5 Bc6
28. Bf1 f5 29. Nxd6 Qxd6 30. Nc4 Qf8 31. exf5 gxf5 32. Ne5 Bd5 33. Rc1 Bxe5 34.
Qxc5 Rd8 35. Qa5 Qd6 36. Rd1 Bxh2+ 37. Kh1 Bxg2+ 38. Kxg2 Qxd1 39. Qxf5 Qd4 40.
Bc4+ Kh8 41. Kxh2 Qg7 42. Be6 Rf8 43. Qc5 Qf6 44. Kg1 Re8 45. Bg4 Re5 46. Qc3
h5 47. Qc8+ Kg7 48. Bh3 Rg5+ 49. Kf1 Qa1+ 50. Ke2 Qe5+ 51. Kf3 Rg6 52. Qd7+ Kh6
53. Qd2+ Kg7 54. Qd7+ Kh8 55. Bf5 Rg7 56. Qd8+ Rg8 57. Qd7 Qg7 58. Qe6 Rf8 59.
Ke4 h4 60. f3 Qf6 61. Qxf6+ Rxf6 62. Bg4 Kg7 63. Ke3 Rg6 64. Kf4 Kh6 65. Bd7
Rd6 66. Bf5 Rf6 0-1

[Event "2. Bundesliga Ost 2012/2013"]
[Site "6.+7.10., 17.+18.11., 1.12., 2.+3.2., 9.+10.3., 6.
[Date "2012.10.07"]
[Round "2"]
[Board "2"]
[White "Heiny, Johannes"]
[Black "Kostic, Vladimir"]
[Result "0-1"]
[WhiteElo "2264"]
[BlackElo "2417"]
[PlyCount "106"]
[EventDate "2012.10.06"]
[EventType "team"]
[EventRounds "11"]
[EventCountry "AUT"]
[WhiteTeam "Purbach"]
[BlackTeam "ASVOe VHS Poechlarn"]

1. d4 d5 2. c4 c6 3. Nc3 Nf6 4. e3 e6 5. Nf3 Nbd7 6. Bd3 Bd6 7. e4 dxe4 8. Nxe4
Nxe4 9. Bxe4 Nf6 10. Bc2 b6 11. O-O Bb7 12. Bg5 Qc7 13. a4 a5 14. Qe2 O-O-O 15.
Rfd1 h6 16. Bh4 c5 17. Bxf6 gxf6 18. Be4 Ba6 19. d5 f5 20. Bd3 Rhe8 21. Qc2 Bb7
22. Qc3 Kb8 23. Bc2 Rg8 24. Re1 exd5 25. cxd5 Bxd5 26. Bxf5 Bxh2+ 27. Kh1 Bd6
28. Be4 Be6 29. Rad1 Rge8 30. Bd5 Bxd5 31. Rxd5 Rxe1+ 32. Qxe1 Qe7 33. Qxe7
Bxe7 34. Rxd8+ Bxd8 35. Ne5 Kc7 36. Nxf7 Bf6 37. b3 Bg7 38. g4 Kd7 39. g5 hxg5
40. Nxg5 Kd6 41. f4 Kd5 42. f5 c4 43. bxc4+ Kxc4 44. Ne6 Be5 45. Nf8 b5 46. Nd7
Bd4 47. axb5 Kxb5 48. f6 a4 49. f7 Bg7 50. Nf6 a3 51. Ne4 Kb4 52. Nf2 a2 53.
Nd3+ Kc3 0-1

[Event "2. Bundesliga Ost 2012/2013"]
[Site "6.+7.10., 17.+18.11., 1.12., 2.+3.2., 9.+10.3., 6.
[Date "2012.10.07"]
[Round "2"]
[Board "3"]
[White "Weinzettl, Ernst"]
[Black "Wolfram, Bernd"]
[Result "1/2-1/2"]
[WhiteElo "2257"]
[BlackElo "2234"]
[PlyCount "80"]
[EventDate "2012.10.06"]
[EventType "team"]
[EventRounds "11"]
[EventCountry "AUT"]
[WhiteTeam "ASVOe VHS Poechlarn"]
[BlackTeam "Purbach"]

1. e4 c5 2. Nc3 Nc6 3. Bb5 Nd4 4. Nf3 e6 5. O-O a6 6. Bd3 Nc6 7. Be2 g5 8. Ne1
Nge7 9. Bh5 Ng6 10. d3 Bd6 11. g3 Rg8 12. Ng2 Qf6 13. Kh1 b5 14. f4 gxf4 15.
Nxf4 Qg7 16. Ng2 Nge5 17. Bf4 Bb7 18. Qd2 Bf8 19. a4 b4 20. Nd1 O-O-O 21. Nde3
d5 22. exd5 exd5 23. Nf5 Qf6 24. Nh6 Bxh6 25. Bxh6 Qe6 26. Bg5 Rd6 27. Rae1 Qd7
28. Kg1 d4 29. Bf6 Re6 30. Re4 Qd6 31. Qf4 Ng6 32. Qxd6 Rxd6 33. Rf5 Kc7 34.
Bg5 Kb6 35. Bd2 f6 36. Re1 Nce7 37. Bxg6 hxg6 38. a5+ Kb5 39. Rxe7 Bxg2 40. Rf2
Bd5 1/2-1/2

[Event "2. Bundesliga Ost 2012/2013"]
[Site "6.+7.10., 17.+18.11., 1.12., 2.+3.2., 9.+10.3., 6.
[Date "2012.10.07"]
[Round "2"]
[Board "4"]
[White "Zimmermann, Heinz"]
[Black "Wilke, Werner"]
[Result "1/2-1/2"]
[WhiteElo "2177"]
[BlackElo "2249"]
[PlyCount "83"]
[EventDate "2012.10.06"]
[EventType "team"]
[EventRounds "11"]
[EventCountry "AUT"]
[WhiteTeam "Purbach"]
[BlackTeam "ASVOe VHS Poechlarn"]

1. c4 e5 2. Nc3 Nf6 3. g3 c6 4. Bg2 d5 5. d4 dxc4 6. dxe5 Qxd1+ 7. Nxd1 Ng4 8.
f4 f6 9. h3 Nh6 10. exf6 gxf6 11. g4 f5 12. g5 Nf7 13. Bd2 Bg7 14. Bc3 O-O 15.
Bxg7 Kxg7 16. Ne3 Be6 17. Nf3 Rd8 18. O-O Na6 19. Rad1 Nd6 20. Nd4 Kf7 21. Rc1
Nb4 22. a3 Nd5 23. Bxd5 cxd5 24. Rfd1 Re8 25. Nxe6 Rxe6 26. Rxd5 Rc8 27. Nxf5
Nxf5 28. Rxf5+ Kg6 29. Rf6+ Rxf6 30. gxf6 b5 31. Kf2 Kxf6 32. Rd1 Ke6 33. Ke3
a5 34. Kd2 b4 35. Kc2 c3 36. axb4 axb4 37. b3 Ra8 38. Rd4 Ra2+ 39. Kc1 Ra1+ 40.
Kc2 Ra2+ 41. Kc1 Ra1+ 42. Kc2 1/2-1/2

[Event "2. Bundesliga Ost 2012/2013"]
[Site "6.+7.10., 17.+18.11., 1.12., 2.+3.2., 9.+10.3., 6.
[Date "2012.10.07"]
[Round "2"]
[Board "5"]
[White "Loidl, Florian"]
[Black "Wiedermann, Daniel"]
[Result "1-0"]
[WhiteElo "2203"]
[BlackElo "2159"]
[PlyCount "87"]
[EventDate "2012.10.06"]
[EventType "team"]
[EventRounds "11"]
[EventCountry "AUT"]
[WhiteTeam "ASVOe VHS Poechlarn"]
[BlackTeam "Purbach"]

1. c4 Nf6 2. g3 g6 3. Bg2 Bg7 4. Nc3 O-O 5. e4 d6 6. Nge2 e5 7. d3 Be6 8. Bg5
h6 9. Bxf6 Bxf6 10. h4 h5 11. Qd2 c6 12. b3 Na6 13. O-O-O Nc7 14. Kb1 a6 15.
Bh3 b5 16. Bxe6 Nxe6 17. g4 Bxh4 18. gxh5 Bg5 19. Qe1 Kg7 20. Rh3 Rh8 21. Qh1
Rxh5 22. Rxh5 gxh5 23. Qxh5 Qh8 24. Qf3 Qd8 25. Ng3 Nd4 26. Nf5+ Nxf5 27. exf5
Rc8 28. Qg4 d5 29. f6+ Kxf6 30. Rg1 Kg6 31. cxd5 f5 32. Qg3 cxd5 33. Nxd5 Rc5
34. Nb4 a5 35. Nc2 Qf6 36. d4 Rd5 37. f4 exf4 38. Qxf4 Kh6 39. Qh2+ Kg6 40. Qb8
Qe6 41. Re1 Qc6 42. Qg8+ Kf6 43. a3 Rd7 44. Rg1 1-0

[Event "2. Bundesliga Ost 2012/2013"]
[Site "6.+7.10., 17.+18.11., 1.12., 2.+3.2., 9.+10.3., 6.
[Date "2012.10.07"]
[Round "2"]
[Board "6"]
[White "Rainprecht, Bernhard"]
[Black "Lammer, Stefan"]
[Result "1/2-1/2"]
[WhiteElo "2125"]
[BlackElo "2079"]
[PlyCount "60"]
[EventDate "2012.10.06"]
[EventType "team"]
[EventRounds "11"]
[EventCountry "AUT"]
[WhiteTeam "Purbach"]
[BlackTeam "ASVOe VHS Poechlarn"]

1. c4 e5 2. Nc3 Bb4 3. g3 Nf6 4. Bg2 O-O 5. e3 Re8 6. Nge2 c6 7. O-O d5 8. Qb3
Bxc3 9. Qxc3 Nbd7 10. d3 Nf8 11. b3 Ng6 12. e4 d4 13. Qe1 Nd7 14. f4 Nc5 15.
Ba3 b6 16. Rd1 Bg4 17. h3 Bxe2 18. Qxe2 f6 19. Qf2 a5 20. Bc1 b5 21. h4 Rf8 22.
Bh3 b4 23. h5 Nh8 24. Qe2 Qe7 25. Qg4 Nf7 26. Qh4 Qc7 27. Qg4 Qe7 28. Qh4 Qc7
29. Qg4 Qe7 30. Qh4 Qc7 1/2-1/2

[Event "2. Bundesliga Ost 2012/2013"]
[Site "6.+7.10., 17.+18.11., 1.12., 2.+3.2., 9.+10.3., 6.
[Date "2012.10.07"]
[Round "2"]
[Board "1"]
[White "Baumegger, Siegfried"]
[Black "Sommerbauer, Norbert"]
[Result "1-0"]
[WhiteElo "2462"]
[BlackElo "2444"]
[PlyCount "97"]
[EventDate "2012.10.06"]
[EventType "team"]
[EventRounds "11"]
[EventCountry "AUT"]
[WhiteTeam "tschaturanga"]
[BlackTeam "Raiffeisen Waehring"]

1. d4 Nf6 2. c4 e6 3. Nc3 Nc6 4. e4 Bb4 5. Bd3 d5 6. e5 dxc4 7. Bxc4 Ne4 8.
Nge2 Nxd4 9. O-O Nxe2+ 10. Qxe2 Nxc3 11. bxc3 Bxc3 12. Rd1 Qxd1+ 13. Qxd1 Bxa1
14. Bg5 f6 15. Bxf6 gxf6 16. Qxa1 f5 17. Qd1 Bd7 18. Qh5+ Kd8 19. Qf7 Re8 20.
Qxh7 b5 21. Be2 a5 22. Qh4+ Kc8 23. Qd4 Ra6 24. h4 Rg8 25. h5 Bc6 26. f3 Bd5
27. a4 Rc6 28. axb5 Rc2 29. Kf1 Rd8 30. Qa7 Bc4 31. Qa8+ Kd7 32. Qc6+ Ke7 33.
Qxc7+ Rd7 34. Qc5+ Kf7 35. Kg1 Bd3 36. Qe3 Rxe2 37. Qg5 Rxe5 38. h6 Re1+ 39.
Kh2 f4 40. Qxf4+ Ke8 41. Qg3 Re2 42. Qg8+ Ke7 43. h7 Bxh7 44. Qxh7+ Kd8 45.
Qh4+ Ke8 46. Qh8+ Ke7 47. b6 Kd6 48. b7 Rxb7 49. Qd4+ 1-0

[Event "2. Bundesliga Ost 2012/2013"]
[Site "6.+7.10., 17.+18.11., 1.12., 2.+3.2., 9.+10.3., 6.
[Date "2012.10.07"]
[Round "2"]
[Board "2"]
[White "Lendwai, Reinhard"]
[Black "Sadilek, Peter"]
[Result "1-0"]
[WhiteElo "2379"]
[BlackElo "2248"]
[PlyCount "95"]
[EventDate "2012.10.06"]
[EventType "team"]
[EventRounds "11"]
[EventCountry "AUT"]
[WhiteTeam "Raiffeisen Waehring"]
[BlackTeam "tschaturanga"]

1. d4 Nf6 2. c4 e6 3. Nc3 Bb4 4. e3 O-O 5. Bd3 d5 6. Nf3 c5 7. O-O Nc6 8. a3
Ba5 9. dxc5 Bxc3 10. bxc3 e5 11. Be2 dxc4 12. Qxd8 Rxd8 13. Bxc4 Ne4 14. a4 Bf5
15. Nh4 Bd7 16. a5 Nxc5 17. Ba3 Ne4 18. Nf3 Nxa5 19. Bd3 Bf5 20. Nxe5 Nb3 21.
g4 Nxa1 22. gxf5 Rxd3 23. Nxd3 Nc2 24. Bb2 Rd8 25. Nf4 Rd2 26. Bc1 Rd7 27. Ne2
a5 28. Kg2 Rd5 29. Kf3 Nc5 30. Ng3 a4 31. c4 Rd7 32. Bb2 Nb3 33. Rg1 Nd2+ 34.
Ke2 Nxc4 35. Bc3 f6 36. Nh5 Kf8 37. Nf4 b5 38. Ne6+ Ke7 39. Rxg7+ Kd6 40. Rxd7+
Kxd7 41. Kd3 N2a3 42. Bxf6 Nd6 43. e4 Ke8 44. Bc3 Nac4 45. Nc7+ Kf7 46. Nxb5
Nb2+ 47. Bxb2 Nxb5 48. Be5 1-0

[Event "2. Bundesliga Ost 2012/2013"]
[Site "6.+7.10., 17.+18.11., 1.12., 2.+3.2., 9.+10.3., 6.
[Date "2012.10.07"]
[Round "2"]
[Board "3"]
[White "Kreindl, Helmut"]
[Black "Mahdy, Khaled"]
[Result "1/2-1/2"]
[WhiteElo "2207"]
[BlackElo "2385"]
[PlyCount "60"]
[EventDate "2012.10.06"]
[EventType "team"]
[EventRounds "11"]
[EventCountry "AUT"]
[WhiteTeam "tschaturanga"]
[BlackTeam "Raiffeisen Waehring"]

1. d4 Nf6 2. Bg5 g6 3. Bxf6 exf6 4. e3 Bg7 5. g3 c6 6. Bg2 f5 7. Ne2 d6 8. O-O
Nd7 9. c4 Nf6 10. Nbc3 O-O 11. b4 Be6 12. c5 Bc4 13. Qc2 Re8 14. Rfe1 d5 15. a4
h5 16. h4 Ne4 17. Nf4 Bh6 18. Nce2 Qf6 19. b5 Bxe2 20. Nxe2 Re7 21. Bxe4 Rxe4
22. Nc3 Re6 23. f4 Rae8 24. Qd3 Qe7 25. Nd1 Re4 26. Rf1 Bg7 27. Rb1 Qd7 28. a5
R4e6 29. Rf2 Qd8 30. Ra2 Qc8 1/2-1/2

[Event "2. Bundesliga Ost 2012/2013"]
[Site "6.+7.10., 17.+18.11., 1.12., 2.+3.2., 9.+10.3., 6.
[Date "2012.10.07"]
[Round "2"]
[Board "4"]
[White "Alvir, Aco"]
[Black "Kleiser, Gregor"]
[Result "1-0"]
[WhiteElo "2345"]
[BlackElo "2286"]
[PlyCount "87"]
[EventDate "2012.10.06"]
[EventType "team"]
[EventRounds "11"]
[EventCountry "AUT"]
[WhiteTeam "Raiffeisen Waehring"]
[BlackTeam "tschaturanga"]

1. e4 e5 2. Nf3 Nc6 3. Bb5 a6 4. Ba4 Nf6 5. O-O Be7 6. Qe2 b5 7. Bb3 d6 8. c3
Na5 9. Bc2 c5 10. d4 Bg4 11. dxe5 dxe5 12. h3 Bxf3 13. Qxf3 O-O 14. Nd2 Qc7 15.
Re1 c4 16. Nf1 Bc5 17. Bg5 Nd7 18. Rad1 f6 19. Bc1 Rfd8 20. h4 Nf8 21. h5 Rxd1
22. Rxd1 Be7 23. h6 g6 24. Ne3 Rd8 25. Nd5 Qd6 26. Be3 Nb7 27. b3 Qe6 28. bxc4
bxc4 29. Qe2 Rc8 30. Rb1 Nd8 31. Rb6 Qf7 32. Ba4 g5 33. Qg4 Ra8 34. Nc7 Ra7 35.
Be8 Rxc7 36. Bxf7+ Nxf7 37. Rxa6 Nxh6 38. Qe2 Ng6 39. g3 Nf7 40. a4 Nd6 41. Qd1
Nf7 42. a5 Kg7 43. Ra7 Rc8 44. a6 1-0

[Event "2. Bundesliga Ost 2012/2013"]
[Site "6.+7.10., 17.+18.11., 1.12., 2.+3.2., 9.+10.3., 6.
[Date "2012.10.07"]
[Round "2"]
[Board "5"]
[White "Leitner, Gerald"]
[Black "Kirschner, Alexander"]
[Result "0-1"]
[WhiteElo "2206"]
[BlackElo "2281"]
[PlyCount "120"]
[EventDate "2012.10.06"]
[EventType "team"]
[EventRounds "11"]
[EventCountry "AUT"]
[WhiteTeam "tschaturanga"]
[BlackTeam "Raiffeisen Waehring"]

1. d4 e6 2. c4 Nf6 3. g3 c5 4. d5 exd5 5. cxd5 b5 6. Bg2 d6 7. Nf3 g6 8. O-O
Bg7 9. e4 O-O 10. Nbd2 Re8 11. Re1 Bb7 12. a4 a6 13. Bf1 c4 14. axb5 axb5 15.
Rxa8 Bxa8 16. b4 Qb6 17. Qc2 Na6 18. Ba3 Ng4 19. Nb1 f5 20. Bh3 Nc7 21. Nc3
Qxf2+ 22. Qxf2 Nxf2 23. Kxf2 Bxc3 24. Re3 Bf6 25. exf5 Rxe3 26. Kxe3 Nxd5+ 27.
Kf2 Bc6 28. fxg6 hxg6 29. Be6+ Kf8 30. Ke2 Ke7 31. Bxd5 Bxd5 32. Nh4 Bf7 33.
Ke3 d5 34. Nf3 Be8 35. Nd4 Bg5+ 36. Ke2 Bd7 37. Bb2 Bf6 38. Bc3 Bg5 39. Kf3 Kd6
40. Kf2 Bh6 41. Ke2 Bf8 42. Kf2 Be7 43. Kf3 g5 44. Ke3 Kc7 45. Kf3 Kd8 46. Ke3
Ke8 47. Kf3 Kf7 48. Ke3 Kg6 49. Kf3 g4+ 50. Ke3 Bg5+ 51. Ke2 Kf7 52. Kf2 Ke7
53. Ke2 Kd6 54. Kf2 Bc1 55. Ke2 Bh6 56. Kf2 Ke5 57. Nxb5+ Ke4 58. Nd6+ Kd3 59.
Be5 Be3+ 60. Kg2 c3 0-1

[Event "2. Bundesliga Ost 2012/2013"]
[Site "6.+7.10., 17.+18.11., 1.12., 2.+3.2., 9.+10.3., 6.
[Date "2012.10.07"]
[Round "2"]
[Board "6"]
[White "Steiner, Bruno"]
[Black "Petschar, Hans"]
[Result "0-1"]
[WhiteElo "2209"]
[BlackElo "2064"]
[PlyCount "80"]
[EventDate "2012.10.06"]
[EventType "team"]
[EventRounds "11"]
[EventCountry "AUT"]
[WhiteTeam "Raiffeisen Waehring"]
[BlackTeam "tschaturanga"]

1. c4 g6 2. g3 Bg7 3. Bg2 e5 4. Nc3 Ne7 5. e4 d6 6. d3 Nbc6 7. Nge2 O-O 8. O-O
f5 9. Nd5 Be6 10. Be3 Qd7 11. Qd2 Rf7 12. Rac1 Raf8 13. f3 Nc8 14. b3 N6e7 15.
Ndc3 c5 16. b4 b6 17. f4 Kh8 18. fxe5 cxb4 19. Nd5 dxe5 20. Qxb4 fxe4 21. Rxf7
Rxf7 22. dxe4 Bg4 23. Nec3 Nc6 24. Qb2 Nd4 25. Nb5 Ne2+ 26. Kh1 Nxc1 27. Bxc1
Bh3 28. Qe2 Qg4 29. Qxg4 Bxg4 30. Kg1 Bf8 31. Bg5 Bg7 32. Be3 Be2 33. Bh3 Bxc4
34. Na3 Nd6 35. Be6 Rf1+ 36. Kg2 Ra1 37. Nxc4 Nxc4 38. Bg5 Rxa2+ 39. Kh3 Nd6
40. Nxb6 Ra6 0-1

[Event "2. Bundesliga Ost 2012/2013"]
[Site "6.+7.10., 17.+18.11., 1.12., 2.+3.2., 9.+10.3., 6.
[Date "2012.10.07"]
[Round "2"]
[Board "1"]
[White "Lipka, Juraj"]
[Black "Videki, Sandor"]
[Result "1/2-1/2"]
[WhiteElo "2441"]
[BlackElo "2429"]
[PlyCount "81"]
[EventDate "2012.10.06"]
[EventType "team"]
[EventRounds "11"]
[EventCountry "AUT"]
[WhiteTeam "ASVOE Pamhagen"]
[BlackTeam "Spg Data Technology Eichgraben/P."]

1. d4 d5 2. c4 c6 3. cxd5 cxd5 4. Nc3 Nf6 5. Bf4 Nc6 6. e3 Qb6 7. Bd3 a6 8.
Nge2 e6 9. O-O Be7 10. Rc1 O-O 11. Na4 Qd8 12. h3 Bd7 13. a3 h6 14. Nc5 Qb6 15.
b4 Rfc8 16. Nc3 Be8 17. Bb1 Qa7 18. g4 a5 19. b5 Nd8 20. a4 Bxc5 21. dxc5 Qxc5
22. Ne4 Qxc1 23. Nxf6+ gxf6 24. Qxc1 Rxc1 25. Rxc1 e5 26. Bxh6 Ne6 27. f4 b6
28. g5 fxg5 29. Bxg5 Kg7 30. Be7 exf4 31. exf4 Ra7 32. Bd6 f6 33. Kf2 Rd7 34.
Rc6 Rb7 35. Rc1 Rd7 36. Rc6 Rb7 37. Rc8 Rd7 38. Bb8 Bf7 39. Bf5 d4 40. Bxe6
Bxe6 41. Rc7 1/2-1/2

[Event "2. Bundesliga Ost 2012/2013"]
[Site "6.+7.10., 17.+18.11., 1.12., 2.+3.2., 9.+10.3., 6.
[Date "2012.10.07"]
[Round "2"]
[Board "2"]
[White "Ganaus, Hannes"]
[Black "Vitouch, Anatol"]
[Result "1-0"]
[WhiteElo "2331"]
[BlackElo "2338"]
[PlyCount "45"]
[EventDate "2012.10.06"]
[EventType "team"]
[EventRounds "11"]
[EventCountry "AUT"]
[WhiteTeam "Spg Data Technology Eichgraben/P."]
[BlackTeam "ASVOE Pamhagen"]

1. d4 g6 2. c4 Bg7 3. Nc3 d6 4. Nf3 Bg4 5. e3 c5 6. d5 Nf6 7. h3 Bxf3 8. Qxf3
O-O 9. g4 Nfd7 10. h4 f5 11. gxf5 Rxf5 12. Qe2 Na6 13. Bh3 Rh5 14. Bg4 Nf6 15.
Bxh5 Nxh5 16. Bd2 Nc7 17. Rg1 Rb8 18. a4 a6 19. Ne4 b5 20. Bc3 bxc4 21. Qxh5
gxh5 22. Rxg7+ Kf8 23. Ng5 1-0

[Event "2. Bundesliga Ost 2012/2013"]
[Site "6.+7.10., 17.+18.11., 1.12., 2.+3.2., 9.+10.3., 6.
[Date "2012.10.07"]
[Round "2"]
[Board "3"]
[White "Hangweyrer, Manfred"]
[Black "Pichler, Michael"]
[Result "1-0"]
[WhiteElo "2367"]
[BlackElo "2255"]
[PlyCount "35"]
[EventDate "2012.10.06"]
[EventType "team"]
[EventRounds "11"]
[EventCountry "AUT"]
[WhiteTeam "ASVOE Pamhagen"]
[BlackTeam "Spg Data Technology Eichgraben/P."]

1. Nf3 Nf6 2. g3 d5 3. Bg2 c6 4. d3 h6 5. O-O Bf5 6. c4 dxc4 7. dxc4 Qxd1 8.
Rxd1 Nbd7 9. Nd4 Bh7 10. Nc3 e5 11. Nb3 Bc2 12. Rf1 Bxb3 13. axb3 Nc5 14. b4
Nb3 15. Ra4 O-O-O 16. Be3 Nd4 17. b5 cxb5 18. Rxa7 1-0

[Event "2. Bundesliga Ost 2012/2013"]
[Site "6.+7.10., 17.+18.11., 1.12., 2.+3.2., 9.+10.3., 6.
[Date "2012.10.07"]
[Round "2"]
[Board "4"]
[White "Neumeier, Klaus"]
[Black "Rueckschloss, Karol"]
[Result "0-1"]
[WhiteElo "2255"]
[BlackElo "2242"]
[PlyCount "86"]
[EventDate "2012.10.06"]
[EventType "team"]
[EventRounds "11"]
[EventCountry "AUT"]
[WhiteTeam "Spg Data Technology Eichgraben/P."]
[BlackTeam "ASVOE Pamhagen"]

1. d4 f5 2. g3 g6 3. Bg2 Nf6 4. Nf3 Bg7 5. O-O O-O 6. b3 Ne4 7. Bb2 Nc6 8. Qc1
d5 9. Rd1 e6 10. c4 Bd7 11. Nbd2 Bh6 12. Qc2 Qf6 13. Nf1 Rac8 14. a3 Be8 15. b4
f4 16. cxd5 exd5 17. Qb3 Bf7 18. g4 Bg7 19. Rac1 Rfe8 20. Re1 Re7 21. h3 Rce8
22. Qd3 a6 23. N1d2 h5 24. Ne5 Nxd2 25. Nxc6 bxc6 26. Qxd2 Qg5 27. gxh5 Re6 28.
Kh1 Qxh5 29. Rc2 g5 30. Kg1 Bg6 31. Rxc6 Rxe2 32. Rxe2 Rxe2 33. Qc1 Be4 34.
Bxe4 dxe4 35. Rxc7 Qf3 36. Rxg7+ Kxg7 37. d5+ Kg6 38. Qc6+ Kh5 39. Qe8+ Kh4 40.
Qh8+ Qh5 41. Qc3 e3 42. fxe3 Rxe3 43. Qc2 Rg3+ 0-1

[Event "2. Bundesliga Ost 2012/2013"]
[Site "6.+7.10., 17.+18.11., 1.12., 2.+3.2., 9.+10.3., 6.
[Date "2012.10.07"]
[Round "2"]
[Board "5"]
[White "Bezuch, Martin"]
[Black "Weissenbeck, Manuel"]
[Result "1/2-1/2"]
[WhiteElo "2291"]
[BlackElo "2238"]
[PlyCount "112"]
[EventDate "2012.10.06"]
[EventType "team"]
[EventRounds "11"]
[EventCountry "AUT"]
[WhiteTeam "ASVOE Pamhagen"]
[BlackTeam "Spg Data Technology Eichgraben/P."]

1. e4 c5 2. Nf3 d6 3. d3 Nc6 4. g3 g6 5. Bg2 Bg7 6. O-O e6 7. c3 Nge7 8. a4 O-O
9. Re1 b6 10. Na3 Bb7 11. h4 h6 12. Bf4 e5 13. Bd2 Bc8 14. Nc4 Be6 15. h5 Qd7
16. Nh4 g5 17. Nf3 f5 18. a5 fxe4 19. Rxe4 b5 20. Na3 Nxa5 21. b4 cxb4 22. Rxb4
a6 23. Nh2 Nac6 24. Rbb1 Rab8 25. Nc2 a5 26. Ne3 d5 27. Neg4 Nf5 28. Qe2 b4 29.
cxb4 axb4 30. Qd1 Nfd4 31. Be3 b3 32. Ra6 Qb7 33. Ra4 Qb5 34. Ra3 Bf5 35. Bxd4
Nxd4 36. Ne3 Be6 37. Nf3 b2 38. Nxd4 exd4 39. Nf1 Rb6 40. Ra2 Rfb8 41. Raxb2
Qxb2 42. Rxb2 Rxb2 43. Qa4 Re2 44. Qc6 Rc8 45. Qb7 Re5 46. f4 gxf4 47. gxf4
Rxh5 48. Ng3 Rc1+ 49. Kf2 Rh2 50. Ne2 Rc2 51. f5 Rxg2+ 52. Kxg2 Rxe2+ 53. Kf1
Re5 54. fxe6 Rxe6 55. Qxd5 Kf7 56. Kf2 Ke7 1/2-1/2

[Event "2. Bundesliga Ost 2012/2013"]
[Site "6.+7.10., 17.+18.11., 1.12., 2.+3.2., 9.+10.3., 6.
[Date "2012.10.07"]
[Round "2"]
[Board "6"]
[White "Hechl, Gerald"]
[Black "Travenec, Igor"]
[Result "0-1"]
[WhiteElo "2220"]
[BlackElo "2199"]
[PlyCount "96"]
[EventDate "2012.10.06"]
[EventType "team"]
[EventRounds "11"]
[EventCountry "AUT"]
[WhiteTeam "Spg Data Technology Eichgraben/P."]
[BlackTeam "ASVOE Pamhagen"]

1. e4 e6 2. b3 d5 3. Bb2 Nf6 4. e5 Nfd7 5. f4 c5 6. Qg4 Nc6 7. Nf3 g6 8. Be2
Bg7 9. O-O a6 10. Nc3 Qe7 11. Nd1 f5 12. Qg3 b5 13. a4 b4 14. Ne3 Bb7 15. d4
cxd4 16. Nxd4 Nxd4 17. Bxd4 Nc5 18. Bf3 O-O 19. h4 Rac8 20. a5 Bc6 21. Qe1 Bb5
22. Qxb4 Bxf1 23. Rxf1 Rfe8 24. c4 dxc4 25. Nxc4 Ne4 26. Qxe7 Rxe7 27. Bxe4
fxe4 28. Nd6 Rb8 29. Bb6 Rd7 30. Nxe4 Rd5 31. b4 Rb5 32. Bc5 Bf8 33. Rc1 Rc8
34. Rc3 Bxc5+ 35. bxc5 Rc6 36. Rd3 Rxa5 37. Rd6 Rc8 38. Kf2 Kf8 39. Ng5 Ra3 40.
g4 Rb8 41. Rd2 Ke7 42. Rc2 Rb4 43. Nxe6 Kxe6 44. f5+ gxf5 45. gxf5+ Kxe5 46. c6
Rxh4 47. Kg2 Rg4+ 48. Kh2 Rg8 0-1

[Event "2. Bundesliga Ost 2012/2013"]
[Site "6.+7.10., 17.+18.11., 1.12., 2.+3.2., 9.+10.3., 6.
[Date "2012.10.07"]
[Round "2"]
[Board "1"]
[White "Vass, Frantisek"]
[Black "Stohl, Igor"]
[Result "1/2-1/2"]
[WhiteElo "2292"]
[BlackElo "2518"]
[PlyCount "82"]
[EventDate "2012.10.06"]
[EventType "team"]
[EventRounds "11"]
[EventCountry "AUT"]
[WhiteTeam "ASVOE Lackenbach"]
[BlackTeam "SK Wien-Ottakring"]

1. d4 Nf6 2. Nf3 e6 3. g3 b6 4. Bg2 Bb7 5. O-O c5 6. c3 Be7 7. Nbd2 O-O 8. Re1
d5 9. Ne5 Nc6 10. Ndf3 Rc8 11. Nxc6 Bxc6 12. Ne5 Bb7 13. Bg5 h6 14. Bxf6 Bxf6
15. Qa4 cxd4 16. cxd4 Bxe5 17. dxe5 Qc7 18. e4 dxe4 19. Bxe4 Bxe4 20. Rxe4 Rfd8
21. Rd1 Rxd1+ 22. Qxd1 Qc2 23. Qxc2 Rxc2 24. Rb4 g5 25. a4 Kg7 26. Kg2 Re2 27.
Rb5 g4 28. a5 bxa5 29. Rxa5 Rxb2 30. Rxa7 Re2 31. Ra5 h5 32. Rb5 Kg6 33. Ra5
Rd2 34. Ra4 Re2 35. Ra5 Kg5 36. Ra7 Kg6 37. Ra5 Rd2 38. Ra4 Rd5 39. Re4 Kf5 40.
Rf4+ Kg6 41. Re4 Kf5 1/2-1/2